|
|
|
|
| LEADER |
00000nab#a22000007a#4500 |
| 001 |
arbauad038757 |
| 003 |
AR-BaUAD |
| 005 |
20250711113030.0 |
| 008 |
990806|||||||||###||||||b###|0###a|spa|| |
| 040 |
|
|
|a AR-BaUAD
|c AR-BaUAD
|b spa
|
| 245 |
1 |
0 |
|a Filo's Goblal Horizon
|
| 500 |
|
|
|a Traducción al español p. 85. -- Comentarios sobre el incremento de expositores y visitantes en la XI Exposición Internacional FILO, realizada en Milán, presentando hilados para la temporada otoño invierno 2000/2001.
|
| 653 |
|
|
|a ITALIA
|
| 653 |
|
|
|a EXPOSICIONES
|
| 653 |
|
|
|a FILO
|
| 653 |
|
|
|a COLORES
|
| 653 |
|
|
|a FIBRAS NATURALES
|
| 653 |
|
|
|a FIBRAS ARTIFICIALES
|
| 653 |
|
|
|a MODA
|
| 653 |
|
|
|a HILADOS
|
| 653 |
|
|
|a OTOÑO INVIERNO 2000/2001
|
| 773 |
0 |
|
|t INTERNATIONAL TEXTILES
|g no. 804 [jun. 1999], p. 34
|
| 942 |
|
|
|c ARTI
|
| 952 |
|
|
|0 0
|1 0
|4 0
|7 0
|9 83676
|a AR-BAuAD
|b AR-BAuAD
|d 2025-07-11
|l 0
|p AAQA038757
|r 2025-07-11 11:30:30
|w 2025-07-11
|y ARTI
|
| 990 |
|
|
|a DT199
|b TD
|
| 998 |
|
|
|a AAQ
|b BIBUN76
|
| 999 |
|
|
|c 63349
|d 63349
|